[Event "Keres Memorial Rapid"]
[Site "Tallinn"]
[Date "1998.01.10"]
[EventDate "?"]
[Round "2"]
[Result "0-1"]
[White "Normunds Miezis"]
[Black "Oleg Valeryevich Krivonosov"]
[WhiteElo "2515"]
[BlackElo "2425"]
[PlyCount "139"]

1. c4 e6 2. e4 d5 3. exd5 exd5 4. d4 dxc4 5. Bxc4 Bd6 6. Nf3
Nf6 7. O-O O-O 8. Nc3 Nc6 9. Re1 Bg4 10. Be3 h6 11. h3 Bh5
12. g4 Bg6 13. Nh4 Bh7 14. Qf3 Nd5 15. Nf5 Nxe3 16. fxe3 Bxf5
17. gxf5 Qh4 18. Qg4 Qg3+ 19. Qxg3 Bxg3 20. Rf1 Bh4 21. Rf3
Rad8 22. Kh1 Na5 23. Bd5 c6 24. Bb3 Nxb3 25. axb3 a6 26. Ne4
Rfe8 27. Nc5 Re7 28. Rg1 Kf8 29. Rg4 Bf6 30. Kg2 Rd5 31. Kf1
a5 32. Ne4 Rb5 33. Nxf6 gxf6 34. e4 a4 35. Ke2 axb3 36. Rh4
Rb4 37. Rd3 c5 38. Ke3 cxd4+ 39. Rxd4 Rxd4 40. Kxd4 Rc7
41. Rxh6 Kg7 42. Rh4 Rc2 43. Rg4+ Kf8 44. e5 Ke7 45. e6 fxe6
46. Rg7+ Kd6 47. Rxb7 e5+ 48. Kd3 Rxb2 49. Kc3 Rh2 50. Kxb3
Rxh3+ 51. Kc4 Rf3 52. Rb6+ Ke7 53. Rb7+ Kf8 54. Kd5 Rxf5
55. Ke6 Rf4 56. Ra7 e4 57. Rf7+ Ke8 58. Rh7 Kd8 59. Kd6 Ke8
60. Ke6 Kf8 61. Rf7+ Kg8 62. Ra7 f5 63. Kf6 Rf3 64. Kg6 Kf8
65. Kf6 Ke8 66. Ke6 Kd8 67. Rf7 Kc8 68. Kd5 e3 69. Re7 f4
70. Kc6 0-1

[Event "Hastings Challengers"]
[Site "Hastings ENG"]
[Date "1999.01.04"]
[EventDate "?"]
[Round "7"]
[Result "1/2-1/2"]
[White "Normunds Miezis"]
[Black "Petr Petrovich Kiriakov"]
[WhiteElo "2515"]
[BlackElo "2545"]
[PlyCount "111"]

1. c4 e6 2. e4 d5 3. exd5 exd5 4. d4 Bb4+ 5. Nc3 Nf6 6. Nf3
O-O 7. Bd3 Re8+ 8. Be3 dxc4 9. Bxc4 Be6 10. Bd3 Nbd7 11. Ng5
Bg4 12. Qb3 Qe7 13. Kf1 c5 14. h3 Bh5 15. g4 Bg6 16. Bxg6 hxg6
17. Kg2 Bxc3 18. bxc3 cxd4 19. Bxd4 Ne4 20. Nf3 Ndc5 21. Qc4
b6 22. Ne5 Qb7 23. f3 Ng5 24. Rhf1 Rac8 25. Rae1 b5 26. Qb4 a5
27. Qb1 Na4 28. Qb3 Ne6 29. Kg3 g5 30. Rb1 Nxd4 31. cxd4 Nc3
32. Rbe1 b4 33. a3 Qd5 34. Qxd5 Nxd5 35. axb4 axb4 36. h4
gxh4+ 37. Kxh4 Rc3 38. Nd7 Rd8 39. Nc5 Ne3 40. Rf2 Rxd4
41. Ne4 Ra3 42. Rfe2 Rdd3 43. Nc5 Rd5 44. Rxe3 Rxc5 45. Rxa3
bxa3 46. Re8+ Kh7 47. Ra8 g5+ 48. Kh5 Rc3 49. Kxg5 Rxf3
50. Kh5 Rh3+ 51. Kg5 Kg7 52. Kf4 Kf6 53. Ra6+ Ke7 54. Ra7+ Ke6
55. Ra6+ Kd5 56. Ra7 1/2-1/2

[Event "Troll Masters"]
[Site "Gausdal NOR"]
[Date "1999.01.11"]
[EventDate "?"]
[Round "4"]
[Result "1/2-1/2"]
[White "Normunds Miezis"]
[Black "Sune Berg Hansen"]
[WhiteElo "2515"]
[BlackElo "2520"]
[PlyCount "22"]

1. c4 e6 2. e4 d5 3. exd5 exd5 4. d4 Nf6 5. Nf3 Bb4+ 6. Nc3
O-O 7. Bd3 dxc4 8. Bxc4 c5 9. O-O Nc6 10. dxc5 Bxc5 11. Qxd8
Rxd8 1/2-1/2

[Event "KPMG Weekender"]
[Site "Zwolle NED"]
[Date "2001.03.11"]
[EventDate "2001.03.09"]
[Round "5"]
[Result "0-1"]
[White "Normunds Miezis"]
[Black "Li Shilong"]
[WhiteElo "2532"]
[BlackElo "2474"]
[PlyCount "94"]

1. c4 e6 2. e4 d5 3. exd5 exd5 4. d4 Nf6 5. Nc3 Bb4 6. Bd3 O-O
7. Nf3 dxc4 8. Bxc4 Nbd7 9. O-O Nb6 10. Bd3 Bg4 11. a3 Be7
12. h3 Bxf3 13. Qxf3 c6 14. Re1 Nfd5 15. Ne4 Qc7 16. Bd2 Rad8
17. Rad1 Qc8 18. Ng3 Rfe8 19. Nf5 Bf8 20. Re5 f6 21. Rxe8 Rxe8
22. a4 Qd7 23. h4 Na8 24. h5 Nac7 25. h6 g6 26. Ne3 Kf7 27. g4
Re6 28. g5 Ke8 29. Ng4 fxg5 30. Bxg5 Be7 31. Bd2 Bd6 32. Kg2
Qf7 33. Qxf7+ Kxf7 34. Kf3 Ke7 35. Bg5+ Kd7 36. Bc4 Re8
37. Kg2 Re7 38. f3 Re6 39. Kf2 a6 40. Bf1 Re8 41. Bh3 Ne6
42. Re1 a5 43. Ne3 Bf4 44. Nxd5 Bxg5 45. Bxe6+ Rxe6 46. Nb6+
Ke7 47. Nc8+ Kf6 0-1

[Event "Wotulo Mem"]
[Site "Jakarta INA"]
[Date "2001.03.25"]
[EventDate "2001.03.23"]
[Round "3"]
[Result "0-1"]
[White "Normunds Miezis"]
[Black "Dede Liu"]
[WhiteElo "2532"]
[BlackElo "2378"]
[PlyCount "106"]

1. c4 e6 2. e4 d5 3. exd5 exd5 4. d4 Nf6 5. Nc3 Be7 6. Nf3 O-O
7. Be2 dxc4 8. Bxc4 Bg4 9. Be3 Nbd7 10. h3 Bh5 11. O-O Nb6
12. Bb3 Nfd5 13. g4 Bg6 14. Ne5 c6 15. Qf3 f5 16. Nxg6 hxg6
17. gxf5 Rxf5 18. Qg4 Kh7 19. Ne4 Qd7 20. Bg5 Re8 21. Rae1 Bb4
22. Re3 Re6 23. Ng3 Nxe3 24. fxe3 Rxf1+ 25. Nxf1 Nd5 26. e4
Nc7 27. Qh4+ Kg8 28. Be3 Be7 29. Qf2 Bf6 30. Nd2 Kh7 31. Kg2
Re8 32. Qg3 Nb5 33. e5 Nxd4 34. exf6 Nf5 35. f7 Nxg3 36. Nf3
Ne4 37. Ne5 Qe7 38. fxe8=R Qxe8 39. Nf7 Qe7 40. Kf3 b5 41. Kf4
a5 42. a3 c5 43. Ne5 Nd6 44. Ng4 Qe4+ 45. Kg3 Nf5+ 46. Kf2
Nxe3 47. Nxe3 Qf4+ 48. Ke2 Qh2+ 49. Kf3 Qxb2 50. Bc2 Qxa3
51. h4 Qc1 52. Be4 a4 53. Ng2 a3 0-1

[Event "Open NOR-ch"]
[Site "Oslo NOR"]
[Date "2001.04.11"]
[EventDate "2001.04.07"]
[Round "6"]
[Result "0-1"]
[White "Normunds Miezis"]
[Black "Leif Erlend Johannessen"]
[WhiteElo "2596"]
[BlackElo "2407"]
[PlyCount "116"]

1. c4 e6 2. e4 d5 3. exd5 exd5 4. d4 Bb4+ 5. Nc3 Nf6 6. Bd3
O-O 7. Nf3 Re8+ 8. Be3 dxc4 9. Bxc4 Be6 10. Bxe6 Rxe6 11. O-O
Nc6 12. Bg5 Bxc3 13. bxc3 Qd5 14. Bxf6 Rxf6 15. Re1 Qc4
16. Re3 Rd8 17. Qb1 b6 18. Ng5 Rg6 19. Qe4 Rf8 20. f4 f5
21. Qf3 h6 22. Qh5 Rgf6 23. Rae1 hxg5 24. fxg5 Qf7 25. Qh4 Rd6
26. Rh3 Qg6 27. Rf1 Rd5 28. g4 b5 29. Kh1 Ne7 30. Qh8+ Kf7
31. Qh4 Ke8 32. Re3 f4 33. Ree1 Qxg5 34. Qh7 Kd8 35. Qe4 Qf6
36. a4 bxa4 37. Rb1 Qd6 38. Rfd1 Nc8 39. c4 Rg5 40. Rb8 f3
41. Rf1 f2 42. h3 Qg3 43. Qg2 Qxg2+ 44. Kxg2 Ra5 45. Rb2 a3
46. Ra2 Nd6 47. Rfxf2 Rxf2+ 48. Kxf2 Nxc4 49. Ke2 g5 50. Kd3
Nd6 51. Kc3 Kd7 52. Kb4 Ra6 53. d5 Nb7 54. h4 gxh4 55. g5 h3
56. Kb5 Ra5+ 57. Kc4 h2 58. Rxh2 a2 0-1

[Event "Classics GM"]
[Site "Gausdal NOR"]
[Date "2001.04.16"]
[EventDate "2001.04.15"]
[Round "2"]
[Result "1-0"]
[White "Normunds Miezis"]
[Black "Leif Erlend Johannessen"]
[WhiteElo "2596"]
[BlackElo "2407"]
[PlyCount "73"]

1. c4 e6 2. e4 d5 3. exd5 exd5 4. d4 Bb4+ 5. Nc3 Nf6 6. Bd3
O-O 7. Nf3 Re8+ 8. Be3 dxc4 9. Bxc4 Be6 10. Bxe6 Rxe6 11. O-O
Nc6 12. Bg5 Bxc3 13. bxc3 Qd5 14. Bxf6 Rxf6 15. Re1 Qc4
16. Re3 Rd8 17. Qb1 b6 18. Ng5 Rg6 19. Qe4 Rf8 20. f4 f5
21. Qb1 Na5 22. Qe1 Qc6 23. Qe2 Nc4 24. Re7 Nd6 25. Qf3 Qc4
26. Rae1 h6 27. Ne6 Rc8 28. h3 Qxa2 29. Kh2 Ne4 30. Rxe4 fxe4
31. Qxe4 Rxe6 32. Rxe6 Rf8 33. Kg3 a5 34. d5 Qd2 35. Rc6 Rf7
36. d6 g5 37. dxc7 1-0

[Event "Classics GM"]
[Site "Gausdal NOR"]
[Date "2001.04.19"]
[EventDate "2001.04.15"]
[Round "6"]
[Result "1-0"]
[White "Normunds Miezis"]
[Black "Hans Tikkanen"]
[WhiteElo "2596"]
[BlackElo "2274"]
[PlyCount "77"]

1. c4 e6 2. e4 d5 3. exd5 exd5 4. d4 Nf6 5. Nc3 Bb4 6. Bd3 O-O
7. Nf3 dxc4 8. Bxc4 c5 9. O-O Nc6 10. Bg5 Bg4 11. dxc5 Qxd1
12. Raxd1 Bxf3 13. gxf3 Bxc5 14. Nd5 Ne8 15. b4 Bd6 16. Kg2
Kh8 17. b5 Ne5 18. Bb3 f6 19. Be3 Nc7 20. a4 Rfd8 21. Nxc7
Bxc7 22. Bd5 Bb6 23. Bxb7 Rab8 24. Bd5 g6 25. Rfe1 Bxe3
26. fxe3 Rbc8 27. f4 Ng4 28. Kg3 f5 29. h3 Nf6 30. Bc6 Kg7
31. a5 Rxd1 32. Rxd1 Kf7 33. a6 h6 34. Bb7 Ne4+ 35. Bxe4 fxe4
36. Rd7+ Ke6 37. Rxa7 Rc3 38. Kf2 Kd6 39. Rb7 1-0

[Event "Andorra"]
[Site "Andorra AND"]
[Date "2001.07.04"]
[EventDate "2001.06.30"]
[Round "5"]
[Result "0-1"]
[White "Normunds Miezis"]
[Black "Javier Moreno Ruiz"]
[WhiteElo "2596"]
[BlackElo "2408"]
[PlyCount "130"]

1. c4 e6 2. e4 d5 3. exd5 exd5 4. d4 Bb4+ 5. Nc3 Ne7 6. Nf3
O-O 7. Be2 dxc4 8. Bxc4 Bg4 9. Be3 Nbc6 10. O-O Nf5 11. Qd3
Nd6 12. Bd5 Bf5 13. Qd1 Ne7 14. Bb3 c6 15. Ne5 Kh8 16. Re1 f6
17. Nd3 Bxc3 18. bxc3 Nd5 19. c4 Nxe3 20. Rxe3 Re8 21. Nf4
Rxe3 22. fxe3 Qe7 23. Qf3 Re8 24. Re1 Be4 25. Qd1 b6 26. Qh5
g6 27. Qd1 Nf5 28. d5 Qe5 29. Qd2 g5 30. Ne6 Nh4 31. Qd4 Bxg2
32. Qxe5 fxe5 33. Kf2 h6 34. Kg3 Be4 35. Rd1 Nf5+ 36. Kf2 cxd5
37. cxd5 Nd6 38. Rc1 Rc8 39. Rf1 Bd3 40. Rd1 Be4 41. Ke2 g4
42. Rf1 Bf3+ 43. Kf2 Rc3 44. Nf8 Ne4+ 45. Kg1 Ng5 46. Re1 Be4
47. Kf2 Bf5 48. Rd1 Ne4+ 49. Kg1 Nd6 50. Rf1 Kg7 51. Ne6+ Kf6
52. Kf2 b5 53. Ke2 a5 54. Kd2 Ne4+ 55. Kd1 Rxe3 56. Ng7 Kxg7
57. Rxf5 Nd6 58. Rf2 a4 59. Bc2 h5 60. Kc1 h4 61. Bd1 g3
62. hxg3 hxg3 63. Rb2 Kf6 64. Rc2 e4 65. Rc7 g2 0-1

[Event "Heart of Finland Open"]
[Site "Jyvaskyla FIN"]
[Date "2001.07.19"]
[EventDate "2001.07.18"]
[Round "3"]
[Result "1-0"]
[White "Normunds Miezis"]
[Black "Yrjo Raivio"]
[WhiteElo "2524"]
[BlackElo "2141"]
[PlyCount "55"]

1. c4 e6 2. e4 d5 3. exd5 exd5 4. d4 Nf6 5. Nc3 Be7 6. Nf3 O-O
7. Be2 c6 8. O-O Nbd7 9. Re1 dxc4 10. Bxc4 Nb6 11. Bb3 Nbd5
12. Bg5 h6 13. Bh4 g5 14. Bg3 Bf5 15. Ne5 Kg7 16. Qf3 Be6
17. h3 Nxc3 18. bxc3 Bxb3 19. axb3 Qd5 20. Qf5 Bd6 21. c4 Qe6
22. Qf3 Rfe8 23. Re3 Bxe5 24. Bxe5 Kg6 25. g4 a6 26. Rae1 Rec8
27. Bg3 Qd7 28. Re7 1-0

[Event "Heart of Finland Open"]
[Site "Jyvaskyla FIN"]
[Date "2001.07.22"]
[EventDate "2001.07.18"]
[Round "9"]
[Result "0-1"]
[White "Normunds Miezis"]
[Black "Mikhail Rytshagov"]
[WhiteElo "2524"]
[BlackElo "2501"]
[PlyCount "84"]

1. c4 e6 2. e4 d5 3. exd5 exd5 4. d4 Nf6 5. Nc3 Be7 6. Nf3 O-O
7. Bg5 Nc6 8. Be2 dxc4 9. O-O Bg4 10. d5 Nxd5 11. Qxd5 Qxd5
12. Nxd5 Bxg5 13. Bxc4 Bxf3 14. gxf3 Ne5 15. Be2 Ng6 16. h4
Bxh4 17. Nxc7 Nf4 18. Bb5 Rac8 19. Rfc1 Rfd8 20. Rc2 Nd5
21. Rac1 Nb4 22. Rc4 Nd3 23. R1c2 Bxf2+ 24. Kf1 Ne5 25. Re4
Bd4 26. f4 Ng4 27. Rd2 Bxb2 28. Nd5 Kf8 29. Ne7 Rxd2 30. Nxc8
Nf6 31. Rb4 a6 32. Be2 b5 33. Rb3 Nd5 34. a4 Nxf4 35. axb5
axb5 36. Bxb5 g5 37. Ke1 Rd8 38. Nb6 Bd4 39. Nc4 Rb8 40. Nd6
Bc5 41. Nxf7 Rxb5 42. Rxb5 Kxf7 0-1

[Event "Keres mem open"]
[Site "Tallinn EST"]
[Date "2001.07.26"]
[EventDate "2001.07.25"]
[Round "2"]
[Result "1-0"]
[White "Normunds Miezis"]
[Black "Artem Smirnov"]
[WhiteElo "2524"]
[BlackElo "2281"]
[PlyCount "51"]

1. c4 e6 2. e4 d5 3. exd5 exd5 4. d4 Nf6 5. Nf3 Be7 6. Be2 O-O
7. O-O Be6 8. Nc3 Nbd7 9. Re1 h6 10. c5 c6 11. Bd3 b6 12. b4
a5 13. b5 bxc5 14. bxc6 c4 15. Bc2 Nb8 16. Ne5 Bb4 17. Re3 Ra6
18. Rg3 Kh8 19. Bxh6 gxh6 20. Qc1 Ng8 21. Rxg8+ Kxg8 22. Qxh6
f5 23. Qxe6+ Kg7 24. Qg6+ Kh8 25. Bxf5 Qe7 26. Qh6+ 1-0

[Event "1st Chess Week"]
[Site "Winterthur SUI"]
[Date "2001.10.07"]
[EventDate "2001.10.05"]
[Round "3"]
[Result "1-0"]
[White "Normunds Miezis"]
[Black "Andreas Huss"]
[WhiteElo "2501"]
[BlackElo "2344"]
[PlyCount "71"]

1. c4 e6 2. e4 d5 3. exd5 exd5 4. d4 Nf6 5. Nc3 Be7 6. Nf3 O-O
7. Be2 dxc4 8. Bxc4 Bg4 9. Be3 Nbd7 10. h3 Bxf3 11. Qxf3 Nb6
12. Bb3 c6 13. O-O h6 14. Rfe1 Nbd5 15. Bd2 Qd7 16. Re5 Rad8
17. Rae1 Bd6 18. Rf5 Bc7 19. g4 Qd6 20. g5 hxg5 21. Bxg5 Rde8
22. Ree5 Nd7 23. Rxe8 Rxe8 24. Kf1 N7b6 25. Rxf7 Re1+ 26. Kxe1
Qe6+ 27. Ne4 Qxf7 28. Qxf7+ Kxf7 29. Nc5 Kg6 30. Bd2 Nf4
31. Nxb7 Nd3+ 32. Ke2 Nxb2 33. Na5 c5 34. dxc5 Nd7 35. Nb7 Ne5
36. Nd6 1-0

[Event "6th Dubai Open"]
[Site "Dubai UAE"]
[Date "2004.04.22"]
[EventDate "2004.04.19"]
[Round "4"]
[Result "0-1"]
[White "Normunds Miezis"]
[Black "Zeinab Mamedjarova"]
[WhiteElo "2530"]
[BlackElo "2343"]
[PlyCount "48"]

1. c4 e6 2. e4 d5 3. exd5 exd5 4. d4 Nf6 5. Nc3 Be7 6. Nf3 O-O
7. Be2 dxc4 8. Bxc4 Bg4 9. Be3 Nbd7 10. h3 Bh5 11. O-O Nb6
12. Bb3 c6 13. Re1 Nfd5 14. Bc1 Bf6 15. Bc2 Qc7 16. Ne4 Rfe8
17. a4 a5 18. Ra3 Bg6 19. Nfg5 Be7 20. Rg3 Bb4 21. Re2 Re7
22. Nc5 Rae8 23. Bxg6 hxg6 24. Rxe7 Qxe7 0-1

[Event "European Union Championship"]
[Site "Cork IRL"]
[Date "2005.03.31"]
[EventDate "2005.03.22"]
[Round "10"]
[Result "0-1"]
[White "Normunds Miezis"]
[Black "Bartosz Socko"]
[WhiteElo "2547"]
[BlackElo "2591"]
[PlyCount "108"]

1. c4 e6 2. e4 d5 3. exd5 exd5 4. d4 Nf6 5. Nf3 Bb4+ 6. Bd2
Bxd2+ 7. Nbxd2 O-O 8. Be2 dxc4 9. Nxc4 Be6 10. O-O Nc6 11. Rc1
Nd5 12. g3 Qf6 13. Nce5 Nce7 14. Qd2 h6 15. Rfd1 Bh3 16. Bf1
Bxf1 17. Rxf1 Rfd8 18. Rfe1 Rd6 19. Re4 Ng6 20. Qe2 Rad8
21. h4 Nf8 22. Re1 Ne6 23. Nc4 Ra6 24. a3 Qf5 25. Re5 Qg4
26. Ne3 Nxe3 27. Qxe3 Nxd4 28. Nxd4 Qxd4 29. Qxd4 Rxd4
30. Re8+ Kh7 31. R8e7 Rf6 32. R1e2 Rc4 33. Kg2 Kg6 34. Kh3
Rfc6 35. f3 Rc2 36. R2e4 h5 37. g4 hxg4+ 38. Rxg4+ Kf6
39. Ree4 g6 40. h5 gxh5 41. Ref4+ Ke7 42. Rg5 Rxb2 43. Rgf5 f6
44. Rxh5 Re2 45. Rd4 Ke6 46. Rh7 Rcc2 47. Kg3 Ke5 48. Re4+
Rxe4 49. Re7+ Kd6 50. Rxe4 b5 51. Rf4 Ke5 52. Re4+ Kd5 53. Rf4
Rc6 54. a4 a6 0-1

[Event "13th Cork Chess Congress"]
[Site "Cork IRL"]
[Date "2005.04.03"]
[EventDate "2005.04.01"]
[Round "6"]
[Result "0-1"]
[White "Normunds Miezis"]
[Black "Bartosz Socko"]
[WhiteElo "2564"]
[BlackElo "2583"]
[PlyCount "66"]

1. c4 e6 2. e4 d5 3. exd5 exd5 4. d4 Nf6 5. Nc3 Bb4 6. Bd3 O-O
7. Nf3 Bg4 8. Be3 dxc4 9. Bxc4 Nd5 10. O-O Nxc3 11. bxc3 Bxc3
12. Rc1 Bb4 13. h3 Bh5 14. g4 Bg6 15. Ne5 Nc6 16. f4 Be4
17. f5 Qh4 18. Kh2 Rad8 19. Bxf7+ Kh8 20. Rxc6 bxc6 21. Be6
Bd5 22. Qc1 Be7 23. Bxd5 Rxd5 24. Qxc6 Ra5 25. a4 Bd6 26. Bf4
Qf6 27. Qc4 c5 28. Kg2 cxd4 29. Nd7 Qf7 30. Qc6 Rd8 31. Bd2
Qd5+ 32. Qxd5 Rxd5 33. Re1 Kg8 0-1

[Event "2nd Porto Carras International Open"]
[Site "Porto Carras GRE"]
[Date "2005.04.26"]
[EventDate "2005.04.22"]
[Round "6"]
[Result "1/2-1/2"]
[White "Normunds Miezis"]
[Black "Athanasios Mastrovasilis"]
[WhiteElo "2564"]
[BlackElo "2473"]
[PlyCount "48"]

1. c4 e6 2. e4 d5 3. exd5 exd5 4. d4 Nf6 5. Nc3 Bb4 6. Bd3
dxc4 7. Bxc4 O-O 8. Nf3 Bg4 9. Be3 Nc6 10. O-O Rb8 11. Be2 Nd5
12. Nxd5 Qxd5 13. h3 Bh5 14. a3 Be7 15. Rc1 Rfd8 16. b4 a6
17. Re1 Qd7 18. Ne5 Nxe5 19. Bxh5 Ng6 20. Qb3 Bd6 21. Bg4 Qe7
22. Qd3 Qf6 23. g3 Ne7 24. h4 Qg6 1/2-1/2

[Event "XXIV Open"]
[Site "Metz FRA"]
[Date "2006.04.24"]
[EventDate "2006.04.22"]
[Round "3"]
[Result "1-0"]
[White "Normunds Miezis"]
[Black "Richard Dobias"]
[WhiteElo "2496"]
[BlackElo "2246"]
[PlyCount "113"]

1. c4 e6 2. e4 d5 3. exd5 exd5 4. d4 Nf6 5. Nc3 Bb4 6. Bd3 O-O
7. Nf3 dxc4 8. Bxc4 Bg4 9. Be3 Nc6 10. O-O Rb8 11. Be2 Nd5
12. Nxd5 Qxd5 13. Rc1 Qxa2 14. h3 Be6 15. Ng5 Qb3 16. Nxe6
Qxd1 17. Rfxd1 fxe6 18. Bc4 Rbe8 19. d5 exd5 20. Bxd5+ Kh8
21. Bxc6 bxc6 22. Rxc6 Bd6 23. Bxa7 Re2 24. Bd4 Kg8 25. Rcc1
Rfe8 26. Kf1 Bb4 27. Be3 Rxb2 28. Rxc7 Re7 29. Rc8+ Kf7 30. g4
Rb7 31. Rd5 h6 32. Rf5+ Kg6 33. h4 Be7 34. Rc6+ Kh7 35. g5
hxg5 36. hxg5 Rb8 37. Rf7 R2b7 38. g6+ Kg8 39. Bd4 Bf8
40. Rxb7 Rxb7 41. Rc8 Rb5 42. f4 Rh5 43. Be5 Rh6 44. Bd6 Rxg6
45. Rxf8+ Kh7 46. Be5 Rg4 47. Kf2 Kg6 48. Kf3 Rg1 49. f5+ Kh6
50. Bd4 Rd1 51. Rd8 Kh5 52. Rd7 Rf1+ 53. Ke4 Re1+ 54. Be3 g5
55. Rg7 Kh4 56. Kf3 g4+ 57. Kf2 1-0

[Event "XXIV Open"]
[Site "Metz FRA"]
[Date "2006.04.29"]
[EventDate "2006.04.22"]
[Round "8"]
[Result "1-0"]
[White "Normunds Miezis"]
[Black "Timothy J Upton"]
[WhiteElo "2496"]
[BlackElo "2253"]
[PlyCount "119"]

1. c4 e6 2. e4 d5 3. exd5 exd5 4. d4 Nf6 5. Nc3 Bb4 6. Bd3 O-O
7. Nf3 dxc4 8. Bxc4 Bg4 9. Be3 Nc6 10. O-O Rb8 11. Be2 Nd5
12. Nxd5 Qxd5 13. a3 Be7 14. Rc1 Bf6 15. b4 a6 16. h3 Bf5
17. Rc5 Qd7 18. d5 Ne5 19. Nd4 Be4 20. f4 Ng6 21. Qc1 Bxd5
22. Rxc7 Qd8 23. Rd1 Rc8 24. Nb5 axb5 25. Rxc8 Qxc8 26. Qxc8
Rxc8 27. Rxd5 Rc3 28. Kf2 Rxa3 29. Rxb5 Bh4+ 30. Kf3 Be1
31. Ke4 Nh4 32. g4 Ng2 33. Bc5 Rxh3 34. Rxb7 h5 35. Bc4 hxg4
36. Bxf7+ Kh7 37. f5 Nh4 38. Be6 Bc3 39. Be3 Bf6 40. Rb8 g6
41. Rb7+ Kh8 42. fxg6 Nxg6 43. Bxg4 Rg3 44. Be6 Ne7 45. Bc5
Rg7 46. b5 Rh7 47. b6 Rh4+ 48. Kd3 Nc6 49. Rc7 Nb4+ 50. Kd2
Na6 51. Rc8+ Kg7 52. b7 Be5 53. Be7 Rh2+ 54. Ke3 Rb2 55. Bd5
Bh2 56. Rg8+ Kh7 57. Rg4 Be5 58. Rg5 Bc3 59. Be4+ Kh8 60. Kd3
1-0

[Event "Heart of Finland Open"]
[Site "Jyvaskyla FIN"]
[Date "2006.07.15"]
[EventDate "2006.07.07"]
[Round "8"]
[Result "1/2-1/2"]
[White "Normunds Miezis"]
[Black "Evgeny Aleksandrovich Solozhenkin"]
[WhiteElo "2527"]
[BlackElo "2508"]
[PlyCount "21"]

1. c4 e6 2. e4 d5 3. exd5 exd5 4. d4 Nf6 5. Nc3 Be7 6. Nf3 O-O
7. Be2 dxc4 8. Bxc4 Bg4 9. Be3 Nc6 10. O-O Rb8 11. Be2 1/2-1/2

[Event "Stukkenjagers Weekend"]
[Site "Tilburg NED"]
[Date "2006.08.20"]
[EventDate "2006.08.18"]
[Round "5"]
[Result "1/2-1/2"]
[White "Normunds Miezis"]
[Black "Oleg Korneev"]
[WhiteElo "2527"]
[BlackElo "2638"]
[PlyCount "25"]

1. c4 e6 2. e4 d5 3. exd5 exd5 4. d4 Nf6 5. Nf3 Bb4+ 6. Bd2
Bxd2+ 7. Nbxd2 O-O 8. Be2 dxc4 9. Nxc4 Nc6 10. O-O Be6
11. Nce5 Nxe5 12. dxe5 Qxd1 13. Rfxd1 1/2-1/2

[Event "TCh-FIN -7"]
[Site "Joensuu FIN"]
[Date "2006.09.17"]
[EventDate "2006.09.14"]
[Round "2"]
[Result "1-0"]
[White "Normunds Miezis"]
[Black "Maxim Novik"]
[WhiteElo "2527"]
[BlackElo "2490"]
[PlyCount "67"]

1. c4 e6 2. e4 d5 3. exd5 exd5 4. d4 Nf6 5. Nc3 Be7 6. Nf3 O-O
7. Be2 dxc4 8. Bxc4 Bg4 9. Be3 Nbd7 10. h3 Bh5 11. O-O c5
12. Re1 Nb6 13. Bb3 c4 14. Bc2 Nfd5 15. Bc1 Nxc3 16. bxc3 Nd5
17. Bd2 Bf6 18. Be4 Bg6 19. Ne5 Bxe4 20. Rxe4 Rc8 21. Rb1 b6
22. Qg4 Rc7 23. Qf3 a6 24. a4 Re8 25. h4 Re6 26. Rbe1 Rce7
27. Nxf7 Qd7 28. Ne5 Qxa4 29. Rg4 Qb5 30. Bg5 Rf7 31. Bxf6
Nxf6 32. Rf4 Rfe7 33. g4 Qd5 34. Rxf6 1-0

[Event "Keres Mem B"]
[Site "Tallinn EST"]
[Date "2007.01.10"]
[EventDate "2007.01.06"]
[Round "6"]
[Result "1-0"]
[White "Normunds Miezis"]
[Black "Heikki Westerinen"]
[WhiteElo "2517"]
[BlackElo "2402"]
[PlyCount "85"]

1. c4 e6 2. e4 d5 3. exd5 exd5 4. d4 Nf6 5. Nc3 Bb4 6. Bd3 O-O
7. Nf3 Bg4 8. Be3 Nc6 9. O-O dxc4 10. Bxc4 a6 11. h3 Bh5
12. a3 Bd6 13. Re1 Qd7 14. Be2 Rfe8 15. b4 Rad8 16. Qb3 Ne4
17. Nxe4 Rxe4 18. Ng5 Rh4 19. d5 Ne7 20. g3 Bxe2 21. gxh4 Bh5
22. Bc5 Nxd5 23. Bxd6 Qxd6 24. Qg3 Nf4 25. Kh2 Qd4 26. Qe3
Qxe3 27. Rxe3 h6 28. Ne4 Rd4 29. Rc1 Nd5 30. Ree1 Rd3 31. Ng3
Bf3 32. Nf5 Rxa3 33. Rg1 g6 34. Rg3 Rd3 35. Nxh6+ Kf8 36. h5
c6 37. hxg6 fxg6 38. Re1 Nxb4 39. Rxg6 Bd5 40. Rg4 Nc2
41. Rf4+ Kg7 42. Rg1+ Kh7 43. Nf5 1-0

[Event "Kaupthing GM"]
[Site "Reykjavik ISL"]
[Date "2007.04.04"]
[EventDate "2007.04.04"]
[Round "1"]
[Result "1-0"]
[White "Normunds Miezis"]
[Black "Emil Hermansson"]
[WhiteElo "2521"]
[BlackElo "2475"]
[PlyCount "61"]

1. c4 e6 2. e4 d5 3. exd5 exd5 4. d4 Nf6 5. Nc3 Bb4 6. Bd3 O-O
7. Nge2 c5 8. O-O cxd4 9. Nxd5 Nxd5 10. cxd5 Qxd5 11. Nf4 Qd8
12. Qh5 g6 13. Qh6 Qa5 14. Bc4 Qe5 15. Nd5 Be6 16. Bf4 Qh8
17. a3 Rd8 18. Qg5 Nc6 19. axb4 h6 20. Nf6+ Kg7 21. Nh5+ Kg8
22. Nf6+ Kg7 23. Qc5 Bxc4 24. Qxc4 Kxf6 25. b5 Ne7 26. Rfe1
Qe8 27. Be5+ Kg5 28. Qc1+ Kh5 29. g4+ Kxg4 30. Qf4+ Kh5
31. Qf3+ 1-0

[Event "Kaupthing GM"]
[Site "Reykjavik ISL"]
[Date "2007.04.06"]
[EventDate "2007.04.04"]
[Round "4"]
[Result "1/2-1/2"]
[White "Normunds Miezis"]
[Black "Stefan Kristjansson"]
[WhiteElo "2521"]
[BlackElo "2485"]
[PlyCount "70"]

1. c4 e6 2. e4 d5 3. exd5 exd5 4. d4 Nf6 5. Nc3 Be7 6. Nf3 O-O
7. cxd5 Nxd5 8. Bc4 Nb6 9. Bb3 Bg4 10. Be3 Nc6 11. h3 Bxf3
12. Qxf3 Nxd4 13. Bxd4 Qxd4 14. O-O c6 15. Rae1 Qf6 16. Qg4
Rad8 17. Re4 Bd6 18. Rfe1 Nd7 19. R4e3 Nc5 20. Ne4 Nxe4
21. Qxe4 Qxb2 22. Rf3 g6 23. g3 Rd7 24. Qg4 Rc7 25. Rd1 Qe5
26. Rc3 Qf6 27. Rf3 Qe5 28. Re3 Qc5 29. Qf3 Be5 30. h4 Bg7
31. Rde1 Bd4 32. Re4 Qd6 33. h5 c5 34. Bc4 Kg7 35. Kg2 Bf6
1/2-1/2

[Event "Kaupthing GM"]
[Site "Reykjavik ISL"]
[Date "2007.04.08"]
[EventDate "2007.04.04"]
[Round "8"]
[Result "1-0"]
[White "Normunds Miezis"]
[Black "Bjorn Thorfinnsson"]
[WhiteElo "2521"]
[BlackElo "2348"]
[PlyCount "111"]

1. c4 e6 2. e4 d5 3. exd5 exd5 4. d4 Nf6 5. Nc3 Be7 6. Nf3 O-O
7. Be2 Nc6 8. cxd5 Nb4 9. O-O Nbxd5 10. Bc4 c6 11. Bb3 Be6
12. Re1 Re8 13. h3 h6 14. Ne5 Qd6 15. Qf3 Rad8 16. Nc4 Qd7
17. Ne2 Qc8 18. Bd2 Nb6 19. Ne5 Bxb3 20. Qxb3 Nbd5 21. Ng3 Nd7
22. Re2 Bh4 23. Rae1 Nxe5 24. dxe5 Bxg3 25. Qxg3 Re6 26. Qa3
Qb8 27. f4 Rde8 28. Qg3 Ne7 29. Qf2 Nd5 30. Qg3 Ne7 31. Bb4
Nf5 32. Qd3 Qd8 33. Qxf5 Qb6+ 34. Kh2 Qxb4 35. Rd1 Qc4 36. Rd7
R6e7 37. Rxe7 Rxe7 38. Rd2 Re8 39. Rd7 Qxa2 40. Rxb7 a5 41. b3
Rf8 42. e6 fxe6 43. Qxe6+ Kh8 44. Qe5 Rg8 45. f5 Qd2 46. f6
Qg5 47. Qxg5 hxg5 48. f7 Rf8 49. Ra7 g6 50. Rxa5 Kg7 51. Rc5
Rb8 52. Rxc6 Kxf7 53. Rc3 Rb4 54. Rg3 Kg7 55. Kg1 Rf4 56. Rxg5
1-0

[Event "Heart of Finland"]
[Site "Jyvaskyla FIN"]
[Date "2007.07.17"]
[EventDate "2007.07.16"]
[Round "3"]
[Result "1-0"]
[White "Normunds Miezis"]
[Black "Alexey Bykov"]
[WhiteElo "2524"]
[BlackElo "2250"]
[PlyCount "57"]

1. c4 e6 2. e4 d5 3. exd5 exd5 4. d4 Nf6 5. Nc3 Be7 6. Nf3 O-O
7. Be2 dxc4 8. Bxc4 Bg4 9. Be3 Nc6 10. O-O Rb8 11. Be2 a6
12. Re1 Bd6 13. h3 Bh5 14. Rc1 Qd7 15. Bg5 Qf5 16. Be3 Qd7
17. a3 Rfe8 18. b4 Rbd8 19. Qb3 Ne4 20. Nxe4 Rxe4 21. d5 Ne7
22. Nd2 Re5 23. Nc4 Rxd5 24. Nxd6 cxd6 25. Bb6 Bxe2 26. Bxd8
Qxd8 27. Rxe2 Re5 28. Rxe5 dxe5 29. Qd1 1-0